[Event "Tbilisi Chiburdanidze Cup"]
[White "Lortkipanidze,Nodar"]
[Black "Fier,Alexandr"]
[Site "Tbilisi"]
[Round "1"]
[Annotator ""]
[Result "1/2-1/2"]
[Date "2021.09.08"]
[WhiteElo "2423"]
[BlackElo "2564"]
[PlyCount "62"]

1. e4 c5 2. c3 a6 3. d4 cxd4 4. cxd4 d5 5. e5 Bf5 6. Nc3 e6 7. h4 h6 8. g4 Bh7 9. h5 Nc6 10. Be3 Nge7 11. f4 Na5 12. b3 Rc8 13. Nge2 Nec6 14. Kf2 Nb4 15. Qd2 Nc2 16. Rc1 Nxe3 17. Qxe3 Ba3 18. Rd1 Nc6 19. f5 exf5 20. gxf5 Bxf5 21. Bh3 Qh4+ 22. Kg1 Ne7 23. Bxf5 Nxf5 24. Qf3 Qg5+ 25. Kf2 Nh4 26. Qxd5 Qf5+ 27. Kg3 Qg5+ 28. Kf2 Qf5+ 29. Kg3 Qg5+ 30. Kf2 Qf5+ 31. Ke3 Bf8 1/2-1/2

[Event "Online Olym Div Top-D"]
[White "Noritsyn,Nikolay"]
[Black "Fier,Alexandr"]
[Site "Chess.com INT"]
[Round "3.5"]
[Annotator ""]
[Result "1-0"]
[Date "2021.09.08"]
[WhiteElo "2512"]
[BlackElo "2564"]
[PlyCount "195"]

1. e4 c5 2. Nf3 g6 3. c3 d5 4. e5 Nc6 5. d4 cxd4 6. cxd4 Bg4 7. Bb5 Bxf3 8. Qxf3 e6 9. O-O Nh6 10. g4 Ng8 11. Bf4 h5 12. h3 hxg4 13. hxg4 Qh4 14. Bg3 Qh3 15. Rc1 Nge7 16. Nd2 a6 17. Bf1 Qh7 18. Nb3 Bh6 19. Rd1 Bg5 20. Bg2 Qh6 21. Rd3 b6 22. a3 Kd7 23. Re1 Rac8 24. Na1 Na5 25. Qe2 Bf4 26. Rf3 Bxg3 27. fxg3 Rc4 28. b4 Nac6 29. Nb3 Rh7 30. Qf2 Nd8 31. Rf4 Nec6 32. Qd2 Qf8 33. Ref1 a5 34. bxa5 Qxa3 35. R4f3 Qb4 36. Qxb4 Rxb4 37. axb6 Rxb6 38. Nc5+ Ke7 39. Ra3 Nxd4 40. Ra7+ Ke8 41. Nd7 N4c6 42. Rc7 Nxe5 43. Nxb6 Nxg4 44. Nc8 Kf8 45. Nd6 Ne5 46. Ra1 Ndc6 47. Ra6 Nd4 48. Ra8+ Kg7 49. Ne8+ Kh6 50. Nf6 Rg7 51. Rh8+ Kg5 52. Ne8 Nf5 53. Nxg7 Nxg7 54. Ra8 Nf5 55. Raa7 Kf6 56. Ra1 Nxg3 57. Kh2 Nf5 58. Rca7 Ng4+ 59. Kg1 Nge3 60. Bf3 g5 61. Bh5 Nh6 62. Re1 Nef5 63. Kf2 d4 64. Rd7 e5 65. Ra1 e4 66. Ra6+ Ke5 67. Bxf7 Ng4+ 68. Ke1 Nh4 69. Bh5 Ne3 70. Ra5+ Kf4 71. Rf7+ Kg3 72. Rxg5+ Kh3 73. Ke2 Neg2 74. Bg4+ Kh2 75. Bh5 d3+ 76. Kd2 Kg1 77. Rf4 e3+ 78. Kxd3 Kh2 79. Rxh4+ Nxh4 80. Kxe3 Ng2+ 81. Kf2 Nf4 82. Rf5 Nh3+ 83. Ke3 Kg3 84. Be2 Kh4 85. Rh5+ Kg3 86. Rh8 Ng5 87. Rg8 Kh4 88. Bf3 Nh3 89. Rg4+ Kh5 90. Ra4+ Kg5 91. Ra5+ Kh4 92. Ra8 Kg3 93. Rg8+ Kh4 94. Be4 Ng5 95. Bf5 Nf7 96. Kf4 Nh6 97. Rh8 Kh5 98. Rh7 1-0

[Event "Titled Tuesday intern op 07th Sept"]
[White "Bortnyk,Olexandr"]
[Black "Fier,Alexandr"]
[Site "Chess.com INT"]
[Round "10"]
[Annotator ""]
[Result "1-0"]
[Date "2021.09.07"]
[WhiteElo "2604"]
[BlackElo "2564"]
[PlyCount "65"]

1. e4 c5 2. c3 d5 3. exd5 Qxd5 4. d4 Nf6 5. Nf3 e6 6. Be3 cxd4 7. cxd4 Bb4+ 8. Nc3 O-O 9. Bd3 b6 10. Qe2 Bb7 11. O-O Bxc3 12. bxc3 Nbd7 13. Rab1 Rac8 14. Rb5 Qd6 15. c4 Rfe8 16. Rd1 Qc7 17. Ne5 Nxe5 18. Rxe5 Nd7 19. Rh5 Nf8 20. Rg5 f5 21. Qd2 Qf7 22. d5 exd5 23. Rxf5 Qe6 24. cxd5 Qd7 25. h4 Rcd8 26. Bg5 Rc8 27. Be3 Rcd8 28. Bc2 Ng6 29. h5 Ne7 30. Rg5 h6 31. Rxg7+ Kxg7 32. Bxh6+ Kh8 33. Qd4+ 1-0

[Event "Titled Tuesday intern op 07th Sept"]
[White "Chen,Max"]
[Black "Fier,Alexandr"]
[Site "Chess.com INT"]
[Round "3"]
[Annotator ""]
[Result "0-1"]
[Date "2021.09.07"]
[WhiteElo "1997"]
[BlackElo "2564"]
[PlyCount "86"]

1. e4 c5 2. Nf3 e6 3. d4 cxd4 4. Nxd4 Nf6 5. Nc3 d6 6. Be2 Be7 7. O-O O-O 8. f4 Nc6 9. Be3 Bd7 10. Kh1 a6 11. Nxc6 Bxc6 12. e5 dxe5 13. fxe5 Nd7 14. Bd4 Qc7 15. Bf3 Nxe5 16. Bxe5 Qxe5 17. Bxc6 bxc6 18. Qf3 Bd6 19. g3 Bb4 20. Rae1 Qc7 21. Re4 Bxc3 22. Qxc3 c5 23. Re5 Rac8 24. Rg5 g6 25. h4 Rfd8 26. h5 Rd4 27. hxg6 hxg6 28. Qf3 Rd2 29. Rf2 Rcd8 30. Rg4 Rxf2 31. Qxf2 Qb7+ 32. Kh2 Qxb2 33. Rh4 Qc3 34. Kh3 Rd4 35. Rxd4 Qxd4 36. Qf3 Kg7 37. Qc6 a5 38. a3 e5 39. Qb5 a4 40. c4 Qg1 41. Qxa4 Qh1+ 42. Kg4 f5+ 43. Kg5 Qh6# 0-1

[Event "Titled Tuesday intern op 07th Sept"]
[White "Erigaisi,Arjun Kumar"]
[Black "Fier,Alexandr"]
[Site "Chess.com INT"]
[Round "8"]
[Annotator ""]
[Result "1-0"]
[Date "2021.09.07"]
[WhiteElo "2626"]
[BlackElo "2564"]
[PlyCount "53"]

1. Nf3 Nf6 2. c4 c5 3. Nc3 Nc6 4. g3 g6 5. Bg2 Bg7 6. d4 cxd4 7. Nxd4 O-O 8. O-O d6 9. Nxc6 bxc6 10. Bxc6 Rb8 11. Bg2 Qa5 12. Qc2 Bf5 13. e4 Be6 14. b3 Nxe4 15. Nxe4 Bxa1 16. Bg5 Bf5 17. Bxe7 Rfe8 18. Bxd6 Rbd8 19. c5 Bg7 20. Rc1 Qb4 21. Qc4 Qa3 22. Ng5 h6 23. c6 Qxd6 24. Qxf7+ Kh8 25. Qxe8+ Rxe8 26. Nf7+ Kh7 27. Nxd6 1-0